Statistics for All Countries with 2 borders

Click here to take the quiz!

General Stats

  • This quiz has been taken 68 times
  • The average score is 19 of 26

Answer Stats

Answer% Correct
United States
96%
Andorra
90%
Yemen
88%
Costa Rica
86%
Belize
82%
Eswatini
82%
Tunisia
82%
El Salvador
80%
Panama
80%
Sweden
80%
Liechtenstein
78%
Nepal
78%
United Arab Emirates
78%
Bhutan
76%
Nicaragua
76%
Kuwait
72%
Estonia
70%
Ecuador
68%
Bangladesh
66%
Netherlands
66%
Uruguay
66%
Mongolia
64%
Equatorial Guinea
60%
Lebanon
60%
Moldova
58%
Guinea-Bissau
52%

Score Distribution

Percentile by Number Answered

Percent of People with Each Score

Your Score History

You have not taken this quiz